Russkaja kul'tura 18 veka v trudach sovetskich issledovatelej material'naja kul'tura : bibliografičeskij ukazatel'

Bibliographic Details
Other Authors: Stepanova, M.G (Compiler)
Format: Book
Language:Russian
PhysicalDescription:182 s. 21 cm
Published: Moskva Izdatel'stvo Moskovskogo Universiteta 1993
ISBN:5211018982
Subjects:

MARC

LEADER 00000nam a2200000 a 4500
001 vtls001183351
003 SK-MaSNL
005 20260301154324.0
008 251124s1993 RU c y 0 rus
020 |a 5211018982  |c [47,00] 
035 |a SNK000126403 
040 |a SNK  |b slo  |c SNK  |e AACR2 
044 |a RU 
080 |a 008(47)"17":016  |2 1981 
245 1 |a Russkaja kul'tura 18 veka v trudach sovetskich issledovatelej  |b material'naja kul'tura : bibliografičeskij ukazatel'  |c [Sostaviteli: M.G. Stepanova] 
260 |a Moskva  |b Izdatel'stvo Moskovskogo Universiteta  |c 1993 
300 |a 182 s.  |c 21 cm 
650 0 7 |a kultúra ruská  |y stor. 18.  |x bibliografie  |2 SNK  |9 517081 
700 1 |a Stepanova, M.G.  |4 zos  |9 517082 
919 |a 5-211-01898-2 
999 |c 796402  |d 798332 
952 |t P60, <04>, [BOOK], {604}  |a SNK  |b SNK  |y VYP  |7 0  |p 17A0002113  |o snkIC 125713  |i snkV 565/96  |0 0  |1 0  |4 0  |d 1996-04-02  |l 0  |r 2005-01-01 00:00:00  |w 2026-02-24